| 000 | 00649nam a22002177a 4500 | ||
|---|---|---|---|
| 003 | 0 | ||
| 005 | 20250324112018.0 | ||
| 008 | 250324b xxu||||| |||| 00| 0 eng d | ||
| 020 | _a978-1-266-85766-9 | ||
| 050 |
_aHF 5667 _b.W39 2024 |
||
| 100 | _aWhittington, O. Ray | ||
| 245 |
_aPrinciples of auditing and other assurance services _cO. Ray Whittington and Kurt Panny |
||
| 260 |
_aNew York _bMcGraw Hill _c2024 |
||
| 300 |
_axxi, 992 pages ; _c28cm. |
||
| 500 | _a2024 release. | ||
| 504 | _aIncludes index and appendices. | ||
| 650 | _aAuditing. | ||
| 650 | _aAuditing, Principles of. | ||
| 700 | _aPany, Kurt. | ||
| 942 |
_2lcc _cBK |
||
| 999 |
_c367323 _d367323 |
||